| 000 | 00363nam a22001457a 4500 | ||
|---|---|---|---|
| 999 |
_c12710 _d12710 |
||
| 008 | 210217b ||||| |||| 00| 0 eng d | ||
| 082 | 0 | 0 |
_a843.912 _bC211 |
| 100 |
_94841 _aCamus, Albert |
||
| 245 | 1 | 0 |
_aThe Plague _cby Albert Camus |
| 250 | _a6th ed. | ||
| 260 |
_aLondon: _bHamish Hamilton _c1960 |
||
| 300 | _a285p. | ||
| 650 | 0 | _aFrench Fiction | |
| 942 | _cBK | ||